000 00334nab a22001097u 4500
008 130520b1988 xxu||||| |||| 00| 0 spa d
041 _aspa
100 1 _aBoff, Leonardo
_d1938-
_94027
245 0 0 _aQué son las teologías del Tercer Mundo
_cLeonardo Boff
773 0 _tConcilium
_gV.2,1988,págs.181-194
_x0210-1041
_wRev134
942 _cAR
999 _c355401
_d355401